Movies Quiz

Random Movies or Oscar Quiz

100 Biggest Films in Oscar History Quiz Stats

 Plays Quiz Updated Mar 5, 2018

Also try: Oscar Best Actors
Challenge
Share
Tweet
Embed
Score 0/100 Timer 20:00
6 Plays Today
Score Film % Correct
451Titanic
86.1%
523Gone with the Wind
82.7%
410The Godfather
75.1%
348Casablanca
70.3%
465The Godfather Part II
66.6%
410The Lord of the Rings: The Return of the King
65.2%
452Forrest Gump
63.1%
476Ben-Hur
59.1%
449La La Land
55.5%
430Schindler's List
55.2%
404The Silence of the Lambs
50.2%
392Gladiator
49.9%
350The Sound of Music
49.3%
401Rocky
48.7%
433Kramer vs. Kramer
48.5%
446One Flew Over the Cuckoo's Nest
46.7%
432Chicago
46.2%
511On the Waterfront
46.1%
463Shakespeare in Love
44.7%
380Birdman
44.5%
369The Hurt Locker
44.4%
337Saving Private Ryan
44.4%
445Dances With Wolves
44.3%
394The Artist
43.5%
439The King's Speech
42.6%
399American Beauty
41.8%
35812 Years a Slave
41%
377Slumdog Millionaire
41%
470The English Patient
40.9%
429Gandhi
40.9%
385Million Dollar Baby
40.8%
431West Side Story
40.7%
359Unforgiven
40.4%
382The Deer Hunter
40.1%
Score Film % Correct
361Rain Man
39.8%
514All About Eve
39.8%
390Lawrence of Arabia
39.8%
327Braveheart
39.5%
352Annie Hall
39.2%
418Out of Africa
38.7%
409Patton
37.9%
412The Shape of Water
37.6%
456Amadeus
37.6%
475Terms of Endearment
37.2%
333No Country for Old Men
37.2%
366A Beautiful Mind
36.5%
391The Sting
36.1%
457My Fair Lady
35.5%
381The French Connection
35.5%
543From Here to Eternity
34.7%
355Driving Miss Daisy
34.3%
346The Revenant
34.3%
380It Happened One Night
34.1%
402The Bridge on the River Kwai
34%
354Ordinary People
33.2%
363Midnight Cowboy
32%
415The Apartment
31.5%
386Oliver!
29.4%
388Marty
29.2%
417A Streetcar Named Desire
28.7%
370Gigi
28.7%
446Network
28.4%
330In the Heat of the Night
27.9%
367Mary Poppins
27.8%
396Cabaret
27.2%
507Mrs. Miniver
27%
365The Last Emperor
27%
412The Best Years of Our Lives
26.6%
Score Film % Correct
366Rebecca
26.2%
386On Golden Pond
25.4%
367How Green Was My Valley
24.8%
333Brokeback Mountain
23.9%
351Lincoln
23.1%
327Chinatown
23.1%
404A Man for All Seasons
22.6%
446Going My Way
22.4%
375Sunset Blvd.
22%
427Tom Jones
21.1%
400Reds
20.6%
338All the King's Men
19.6%
349The Lost Weekend
19.5%
373Guess Who's Coming to Dinner
19.3%
427Who's Afraid of Virginia Woolf?
19.3%
359Bonnie and Clyde
19.2%
350The Aviator
19.1%
337Mutiny on the Bounty
18.6%
384Gentleman's Agreement
17.1%
374Coming Home
16.8%
338Giant
13.4%
378Julia
12.1%
336The Curious Case of Benjamin Button
11.6%
382Judgment at Nuremberg
10.9%
330The Turning Point
9.4%
354Becket
8.2%
384The Song of Bernadette
7.8%
339Sergeant York
7.8%
373Johnny Belinda
7.7%
369A Place in the Sun
7.7%
340Sayonara
7.4%
338The Defiant Ones
6%

You're not logged in!

Compare scores with friends on all Sporcle quizzes.
OR
Log In

You Might Also Like...

Show Comments

Extras

Top Quizzes Today


Score Distribution

Your Account Isn't Verified!

In order to create a playlist on Sporcle, you need to verify the email address you used during registration. Go to your Sporcle Settings to finish the process.

Report this User

Report this user for behavior that violates our Community Guidelines.

Details: